BIBLIOTHÈQUE DE LA MAISON DU MEXIQUE

Logo 1 Logo 2

Antigüedades de la Nueva España (notice nᵒ 11409)

détails MARC
000 -Sello discográfico
campo de control de longitud fija 01056nam a2200337 4500
005 - Identificación de versión
campo de control 20251017062806.0
010 ## - Número Estándar Internacional de Libros (ISBN)
Número (ISBN) 84-85229-98-3
035 ## - Otros números de control del sistema
Número de control del sistema 17645
099 ## - fechas locales
Tipo de ítem Koha LIBRO
100 ## - Datos de procesamiento general
Datos de procesamiento general 20040526d1986 m y1spay5003 ba
105 ## - Campo de datos codificados: Material textual, monográfico
Datos codificados de monografía y 001zy
200 1# - Título y mención de responsabilidad
Título propio Antigüedades de la Nueva España
Designación general del material texto impreso
Primer mención de responsabilidad Francisco Hernández
Declaración de responsabilidad subsiguiente edición Ascensión H. de León Portilla
205 ## - Declaración de edición
Declaración de edición 1a ed
210 ## - Publicación, distribución, etc.
Lugar de publicación, distribución, etc. Madrid
Nombre del editor, distribuidor, etc. Historia 16
Fecha de publicación, distribución, etc. 1986
215 ## - Descripción física
Designación de material específico y extensión del ítem 254 p
Dimensiones 19 cm
345 ## - Nota de información de adquisición
Fuente de adquisición/dirección de la suscripción [OBSOLETO] Donación
410 #1 - Series
Título Crónicas de América
Número de volumen 28
606 ## - Término temático usado como materia
Elemento de entrada Aztecas
Número Koha 840
606 ## - Término temático usado como materia
Elemento de entrada Indios de México
Subdivisión temática Antigüedades
Número Koha 1579
607 ## - Nombre geográfico utilizado como tema
Elemento de entrada México
Subdivisión temática Historia
Subdivisión cronológica Hasta 1519
Número Koha 127
660 ## - Código de área geográfica
Código MX
700 ## - Nombre personal - Responsabilidad primaria
Elemento de entrada Hernández
Parte del nombre distinta del elemento de entrada Francisco
Fechas 1515-1587
Número Koha 15602
702 ## - Nombre personal - Responsabilidad secundaria
Elemento de entrada Hernández Triviño
Parte del nombre distinta del elemento de entrada Ascensión
Fechas 1940-
Adiciones a los nombres que no sean fechas de León Portilla
Número Koha 1502
801 #0 - Fuente de origen
Agencia cm
900 ## -
-- 1/7500
900 ## -
-- 7100419265\260504
942 ## - ELEMENTOS DE ENTRADA SECUNDARIOS (KOHA)
Tipo de ítem Koha Livre
996 ## -
-- MEX
-- 751145101
-- MMAG
-- 006999
-- 970.4 H55A
-- 20221115LIV
Exemplaires
Estatus retirado Estado de daño Estado de pérdida Fecha de adquisición Biblioteca de origen Biblioteca actual Ubicación en estantería Código de barras Precio de reemplazo Signatura topográfica completa No para préstamo Tipo de ítem Koha Nota pública Nota no pública
      05/08/2025 Casa México Paris Casa México Paris   006999 05/08/2025 970.4 H55A   Livre 20221115LIV 751145101